Music Quiz

Random Music or Song Quiz

Guess the Red Hot Chili Peppers Song 3 Quiz Stats

 Plays Quiz not verified by Sporcle

Score 0/185 Timer 12:00
0 Plays Today
% Correct
The
97%
the
97%
a
97%
and
97%
and
97%
and
97%
the
97%
I
95.6%
I
95.6%
I
95.4%
I
95.4%
I
95.4%
I
95.4%
I
95.4%
I
95.4%
me
67.4%
me
67.4%
me
67.4%
me
67.4%
me
67.4%
me
67.4%
me
67.4%
me
67.4%
to
66.2%
to
66.2%
to
66.2%
It's
65.2%
It's
65.2%
It's
65.2%
It's
65.2%
it
64.8%
it
64.7%
my
59.5%
my
59.5%
my
59.5%
My
59.5%
my
59.5%
my
59.5%
my
59.5%
my
59.5%
my
59.5%
my
59.5%
is
58.7%
is
58.7%
can
58%
can
58%
be
58%
can't
58%
in
56.1%
in
56.1%
in
56.1%
in
56.1%
love
54.5%
you're
49.7%
you're
49.7%
she
49.7%
no
49.1%
Have
46.8%
of
46.4%
of
46.4%
that's
45.5%
That
45.4%
% Correct
like
44.8%
like
44.8%
her
42.7%
with
42.6%
with
42.6%
with
42.6%
want
42.3%
when
41.6%
when
41.6%
where
38.8%
girl
36.8%
could
35.7%
Could
35.7%
could
35.7%
could
35.7%
could
35.7%
could
35.7%
I'm
35.2%
I'm
35.2%
I'm
35.2%
not
34.1%
aeroplane
33%
aeroplane
32.9%
aeroplane
32.9%
aeroplane
32.9%
music
31.8%
music
31.8%
pain
31.3%
pain
31.3%
pain
31.3%
make
30.9%
make
30.9%
make
30.9%
make
30.9%
make
30.9%
make
30.9%
one
30.3%
One
30.3%
one
30.3%
One
30.3%
one
30.3%
One
30.3%
pleasure
29.9%
Pleasure
29.9%
spiked
29.7%
spiked
29.7%
spiked
29.7%
sweet
29.4%
Hey
29.3%
from
29.3%
Hey
29.3%
always
28.1%
Songbird
27.5%
baby
27.4%
Just
26.6%
Just
26.4%
Just
26.4%
motherf******
26.4%
song
26.3%
star
26%
away
25.9%
sour
25.9%
% Correct
fear
25.2%
die
25.1%
Jane
25.1%
Looking
24.8%
Looking
24.8%
overcoming
24.8%
overcoming
24.8%
Looking
24.8%
find
24.4%
f***
24.2%
mirror
23.8%
mirror
23.6%
Before
23.5%
Before
23.5%
Someone
23.5%
sad
23.4%
sad
23.4%
Sad
23.4%
easy
23%
start
22.8%
start
22.8%
easy
22.8%
better
22.8%
Sitting
22.7%
kitchen
22.7%
lie
22.7%
rearview
22.6%
rearview
22.6%
into
22.3%
must
22.3%
inside
22.1%
rust
21.6%
decompose
21.5%
disappear
21.5%
disappear
21.5%
again
21.3%
slap
20.9%
dust
20.5%
gravity
20.3%
gravity
20.3%
lay
20%
turning
19.5%
Push
19.2%
own
18.3%
melancholy
18%
note
17.7%
note
17.7%
note
17.7%
note
17.7%
note
17.7%
note
17.7%
eyes
17.3%
float
16.5%
float
16.5%
cut
16.5%
mazzy
16.4%
wrote
15.8%
choke
14.9%
voice
14.8%
throat
14.2%
Lord
14.1%

You're not logged in!

Compare scores with friends on all Sporcle quizzes.
OR
Log In

Show Comments

Extras

Top Quizzes Today


Score Distribution

Your Account Isn't Verified!

In order to create a playlist on Sporcle, you need to verify the email address you used during registration. Go to your Sporcle Settings to finish the process.

Report this User

Report this user for behavior that violates our Community Guidelines.

Details: